La Historia como arte de la memoria : (Registro nro. 57879)

Detalles MARC
000 -LEADER
fixed length control field 00647cam a2200205 4500
005 - DATE AND TIME OF LATEST TRANSACTION
control field 20160127143209.0
008 - FIXED-LENGTH DATA ELEMENTS--GENERAL INFORMATION
fixed length control field 160127b mx ||||| |||| 00| 0 spa d
020 ## - INTERNATIONAL STANDARD BOOK NUMBER
International Standard Book Number 9688592277
050 04 - LIBRARY OF CONGRESS CALL NUMBER
Classification number D169
Item number E33 1996
100 1# - MAIN ENTRY--PERSONAL NAME
Personal name Eickhoff, Georg.
245 13 - TITLE STATEMENT
Title La Historia como arte de la memoria :
Remainder of title Acosta vuelve de América /
Statement of responsibility, etc Georg Eickhoff
250 ## - EDITION STATEMENT
Edition statement 1a ed.
260 ## - PUBLICATION, DISTRIBUTION, ETC. (IMPRINT)
Place of publication, distribution, etc México :
Name of publisher, distributor, etc Universidad Iberoamericana,
Date of publication, distribution, etc 1996
300 ## - PHYSICAL DESCRIPTION
Extent 102 p. ;
Dimensions 21 cm.
490 ## - SERIES STATEMENT
Series statement Serie Historia y Grafía
504 ## - BIBLIOGRAPHY, ETC. NOTE
Bibliography, etc Incluye índice
650 #7 - SUBJECT ADDED ENTRY--TOPICAL TERM
Source of heading or term LEMB
Topical term or geographic name as entry element Historia
General subdivision Metodología
650 #7 - SUBJECT ADDED ENTRY--TOPICAL TERM
Source of heading or term LEMB
Topical term or geographic name as entry element Historia
General subdivision Aspectos psicologícos
942 ## - ADDED ENTRY ELEMENTS (KOHA)
Source of classification or shelving scheme Biblioteca del Cogreso de los Estados Unidos
Koha item type Libro
Existencias
Estado de pérdida Fuente de clasificación Estado del daño No para préstamo Ubicación permanente Ubicación actual Apartado o colección Fecha de adquisición Fuente de adquisición Edición Dependencia de educación superior (DES) Área del conocimiento Clasificación Código de Barras Date last seen Número de copia Tipo de recurso Nota pública
  Biblioteca del Cogreso de los Estados Unidos     Biblioteca del Instituto de Investigaciones Históricas Biblioteca del Instituto de Investigaciones Históricas General 27/01/2016 Proyecto de Investigación 1a ed. Humanidades Educación y Humanidades D169 E33 1996 IIH000001067 27/01/2016 C: 1 Libro GENERAL
  Biblioteca del Cogreso de los Estados Unidos     Biblioteca del Instituto de Investigaciones Históricas Biblioteca del Instituto de Investigaciones Históricas General 27/01/2016 Proyecto de Investigación 1a ed. Humanidades Educación y Humanidades D169 E33 1996 IIH000001066 27/01/2016 C: 2 Libro GENERAL